00686nam a2200181 a 450000100100000000500170001000800410002704000250006808200150009324500750010826000320018330000280021550000320024350400730027559000260034895201130037499900170048700004182020201002035755.0131018s1978 ru a r 000 0 spa d aDO-SdBNPbspacBNPHU axxxxbxxxx00aLenin : /cacerca de la unidad del movimiento comunista internacional. aMoscú :bProgreso,c1978. a386 p. :bil. ;c21 cm. aIncluye índice de nombres aIncluye referencias bibliográficas y notas al pie de las páginas aInventariado, 2019/BT 001050718MOaGRbGRcHDd2013-10-18iLF1l0oxxxx xxxxp41820-10r2020-06-25w2020-06-25y1ZNo se presta c41309d41309